000 00437nam a2200181Ia 4500
005 20240823051630.0
008 240823s9999||||xx |||||||||||||| ||und||
041 _aENGLISH
082 _A823.5 K7
100 _aParasuram A N
245 0 _aMinerva Guide to Prose with a Purpose
250 _a1st
260 _c1967
_bThe Minerva Publishing
500 _aTRANSFERED
650 _aGeneral
_bGeneral
942 _cBK
999 _c220026
_d220026